Estatísticas para Países mais próximos de Tailândia - Um minuto de sprint

Clique aqui para jogar o quiz

Estatísticas Gerais

  • Esse quiz foi jogado 53 vezes
  • A pontuação média é 15 de 20

Estatísticas das Respostas

kmpaís% Correto
115China
100%
486Índia
100%
0Laos
95%
301Indonésia
92%
104Vietname
92%
0Camboja
89%
0Malásia
84%
0Birmânia
82%
1341Brunei
74%
2766Coréia do Sul
74%
1440Filipinas
71%
1258Nepal
71%
579Bangladesh
68%
993Butão
68%
524Singapura
68%
1734Taiwan
68%
2053Japão
66%
2648Paquistão
53%
1810Sri Lanka
53%
2396Mongólia
42%

Distribuição das Pontuações

Percentil de Números Respondidos

Porcentagem de Pessoas com Cada Pontuação

Sua Pontuação Histórica

Você não jogou esse quiz